Quiz about Normandy (French region) - Statistics

General Stats
  • This quiz has been taken 9 times
  • The average score is 10 of 15
Answer Stats
Questions Answers % Correct
What is the population (to the nearest million) ? 3.3 million
100%
How many departments are there ? 5
100%
Names a French region bordering the region Brittany | Pays-de-la-Loire | Centre-Val-de-Loire | Île-de-France | Hauts-de-France
100%
Which city is often considered the 2nd capital of the region? Caen
86%
Which Norman cheese is known for its round shape and white rind? Camembert
71%
Which town is known for its white chalk cliffs that are over 90 meters high? Étretat
71%
Name a historically Norman territory that is now under British control Jersey and Guernesey
71%
What is the most populated city ? Le Havre
71%
Which building, doubly listed by UNESCO, is located in Normandy but is claimed by the Bretons? Mont-Saint-Michel Abbey
71%
What is the capital of Normandy ? Rouen
71%
Which Norman lord invaded England in 1066? William the Conqueror
71%
In what year did the Viking leader Rollo initiate the founding act of the Duchy of Normandy (within 10 years)? 911
43%
What was the code name for the landing that took place on June 6, 1944? Overlord
43%
Which Norman rapper, who notably broke through with "Changement", was born in Alençon and grew up in the previous city? Aurélien Cotentin (Orelsan)
29%
Which scientist from Saint-Lô is world-renowned for having discovered the planet Neptune through calculation in 1846? Urbain Le Verrier
14%
No matching quizzes found
Score Distribution
Percent of People with Each Score
Percentile by Number Answered
Your Score History
You have not taken this quiz